Statistiques concernant Vikings (série) : Personnages

Cliquez ici pour prendre le quiz!

Statistiques générales

  • Ce quiz a été pris 87 fois
  • Le résultat moyen est 16 sur 30

Statistiques - réponses

Indices Réponses % Correct
Le Héros aux ''braies velus''Ragnar Lodbrok
100%
Côtes-de-ferBjorn
98%
La Guerrière au BouclierLagertha
95%
Le DésosséIvar
93%
Le CharpentierFloki
87%
L'OursRollo
85%
Le Moine saxonAthelstan
80%
Oeil de serpentSigurd
76%
Ragnarsson #1Ubbe
75%
Roi du WessexEcbert
67%
Roi de NorvègeHarald
65%
La Princesse voyanteAslaug
62%
Femme du charpentierHelga
58%
Veuve du précédentSiggy
53%
Roi de NorthumbrieAelle
51%
Ragnarsson #2Hvitserk
45%
Princesse de NorthumbrieJudith
42%
Roi du DanemarkHorik
42%
Empereur francCharles
38%
L'Aigle de sangBorg
38%
Veuve de deux jarlsTorvi
36%
Prince du WessexAethelwulf
35%
Jarl de KattegatHaraldson
33%
Princesse de MercieKwenthrith
29%
La guerrière balafréPorunn
24%
Jarl d'HedebyKalf
22%
Frère du précedentHalfdan
18%
Princesse franqueGisla
18%
Prince du DanemarkErlendur
15%
Le manchotThorstein
7%

Distribution des résultats

Percentile by Number Answered

% des personnes avec chaque résultat

Votre développement - résultats

Vous n’avez pas pris ce quiz